Generating non-standard multivariate distributions with an application to mismeasurement in the CPI

Gespeichert in:
Bibliographische Detailangaben
1. Verfasser: Shapiro, Matthew D.
Weitere Verfasser: Wilcox, David W.
Format: Buch
Sprache:Englisch
Veröffentlicht: Cambridge National Bureau of Economic Research 1996
Schriftenreihe:Technical Working Paper Series 196
Schlagworte:
Tags: Tag hinzufügen
Keine Tags, Fügen Sie das erste Tag hinzu!

MARC

LEADER 00000nam a2200000 4500
001 c125134
005 20221221082454.9
041 0 |a eng 
044 |a US 
245 1 0 |a Generating non-standard multivariate distributions with an application to mismeasurement in the CPI  |c Matthew D. Shapiro, David W. Wilcox 
264 1 |a Cambridge  |b National Bureau of Economic Research  |c 1996 
300 |a 17 s. 
490 1 |a Technical Working Paper Series  |v 196 
830 0 |a Technical Working Paper Series  |v 196 
610 2 0 |a korelácia 
610 2 0 |a indexy cenové 
610 2 0 |a metóda Monte Carlo 
610 2 0 |a štatistika matematická 
610 2 0 |a pravdepodobnosť 
100 1 |a Shapiro, Matthew D. 
700 1 |a Wilcox, David W.